000 00582nam a2200229Ia 4500
003 OSt
005 20221005115008.0
006 a|||||r|||| 00| 0
007 ta
008 221004b |||||||| |||| 00| 0 guj d
024 _a40812
037 _cTextual
040 _aCRL
_cCRL
_bguj
041 _2guj
_aguj
082 _aO156,1x, J7
100 _aDharmashi Dugrash Au.
_9626940
245 0 _aBhoj Bhagtna Chabkha
260 _c1957
650 _aGUJRATI LITERATURE
942 _hO156,1x, J7
_cTEXL
_2cc
999 _c1033085
_d1033085